[Event "EU-Cup 26th"]
[Site "Plovdiv"]
[Date "2010.10.19"]
[Round "3.1"]
[White "Mamedyarov, Shakhriyar"]
[Black "Jobava, Baadur"]
[Result "1-0"]
[WhiteElo "2756"]
[BlackElo "2710"]
[Annotator "Krasenkow,M"]
[PlyCount "59"]
[EventDate "2010.10.17"]
[EventType "team-swiss"]
[EventRounds "7"]
[EventCountry "BUL"]
[SourceTitle "CBM 139"]
[Source "ChessBase"]
[SourceDate "2010.11.18"]
[SourceVersion "1"]
[SourceVersionDate "2010.11.18"]
[SourceQuality "1"]
[WhiteTeam "Azerbaijan Socar"]
[BlackTeam "Chernigov"]
[WhiteTeamCountry "AZE"]
[BlackTeamCountry "UKR"]

1. d4 Nf6 2. c4 e6 3. Nc3 Bb4 4. Nf3 c5 5. g3 Nc6 6. Bg2 Ne4 7. Bd2 Bxc3 8.
bxc3 Nxd2 {The most straightforward reply to the system selected by White.} (
8... O-O {is the main move.}) 9. Qxd2 d6 (9... O-O 10. O-O b6 $6 11. Rfd1 Ba6
12. dxc5 Bxc4 13. Ng5 Rc8 14. Ne4 $14 {1-0 Kuzubov,Y (2578)-Sulskis,S (2562)/
Reykjavik 2008/CBM 126 Extra (39)}) 10. O-O Qe7 (10... O-O 11. Rfd1 Qe7 12.
Rab1 Rb8 13. dxc5 dxc5 14. Qd6 Qxd6 15. Rxd6 Na5 16. Ne5 b6 17. Rbd1 f6 18. Nc6
Nxc6 19. Bxc6 $14 {1-0 Khalifman,A (2624)-Chiburdanidze,M (2510)/Bazna 2007/
CBM 118 ext (42)}) 11. Qe3 O-O 12. dxc5 $1 dxc5 13. Ne5 Nxe5 14. Qxe5 f6 15.
Qe3 $14 {In this position Black should work a while to complete his
development.} Rb8 16. a4 a5 $1 {[%csl Ra4,Rc4]} 17. Rfd1 b6 18. Bc6 Rd8 19.
Rxd8+ Qxd8 20. Ra2 $6 (20. Qf4 $142 $1 {forcing the weakening ...e6-e5} e5 (
20... Bb7 21. Bd7 $1 e5 22. Qd2 Qe7 23. Rd1 Kf8 24. Bb5 $14) (20... Ba6 21. Bd7
$1) 21. Qe4 Kh8 $13) 20... Qd1+ 21. Kg2 Bd7 $6 (21... Qd6 $142 22. Bf3 Bd7 $15
{/= Once Black completes his development without concessions, he may be better
due to White's weak queenside pawns.}) 22. Be4 $5 (22. f3 $5 Qd6 23. Bb5 $14
Bxb5 $140 24. Rd2 $1) 22... Rd8 $4 {[%mdl 16384] A suicidal "self-pin".} (22...
Be8 $1 23. Rd2 Qxa4 24. Qf4 e5 25. Qf5 Bg6 26. Qe6+ Bf7 (26... Kh8 $143 27.
Bxg6 hxg6 28. Rd7) 27. Qf5 (27. Qh3 $6 g6) (27. Bxh7+ $6 Kxh7 28. Qxf7 Qe8)
27... Bg6 $11 (27... g6 $5 28. Qxf6 Qxc4 29. Bc6 $1 $13)) 23. Rd2 Qxa4 24. Qd3
{[%cal Gd2d8,Yd3d6] Black is now completely paralysed.} Kf7 (24... f5 25. Bf3
$1 {[%cal Ye2e4]}) 25. Bf3 {[%cal Rd3h7]} g6 26. h4 $6 (26. Qd6 h5 27. Qc7 Ke7
28. Qxb6 $18 {was much simpler.}) 26... b5 $8 {Black now creates a passed pawn;
alas, this counterplay proves insufficient.} 27. Qd6 $1 (27. cxb5 $6 c4) 27...
b4 28. cxb4 Qxb4 (28... cxb4 29. c5 $18) (28... axb4 $142 29. Qc7 Ke8 (29...
Ke7 30. Qxc5+ Ke8 31. Rd6 {[%cal Rd6e6]} (31. Qb6 $5) 31... Rc8 32. Qd4 Ke7 33.
Rb6 b3 34. Qd6+ Ke8 35. c5 $18) 30. Qxc5 (30. Rxd7 $2 Rxd7 31. Bc6 Qd1) (30.
Bb7 $6 Qa7 $1 (30... b3 31. Rxd7 $1 Rxd7 32. Bc6 $18) 31. Rd6 b3 32. Rxe6+ Bxe6
33. Bc6+ Bd7 34. Qxa7 Bxc6+ 35. f3 Rd2 36. Qxc5 Rxe2+ 37. Kf1 Bxf3 38. Qb5+ Kf8
39. Qxb3 Bg4 40. c5 h5 41. c6 Re8 $11 {- fortress}) 30... b3 (30... Rc8 31. Qd4
) 31. h5 $16 {White keeps a strong attack and should win.}) 29. Rd3 Ke8 $2 {
Losing at once but Black can hardly survive after} (29... Qa4 $8 {, e.g.} 30.
h5 $5 {Even better than} (30. Qxc5 Re8 (30... Rc8 31. Qa7) 31. Ra3 Qb4 32. Rxa5
) 30... g5 31. Qc7 Ke8 32. h6 {[%cal Rf3h5]} g4 33. Be4 f5 34. Bb7 $22) 30. Bc6
1-0

[Event "EU-ch 9th"]
[Site "Plovdiv"]
[Date "2008.04.29"]
[Round "8"]
[White "Romanov, Evgeny"]
[Black "Macieja, Bartlomiej"]
[Result "0-1"]
[WhiteElo "2547"]
[BlackElo "2599"]
[Annotator "Macieja,B"]
[PlyCount "120"]
[EventDate "2008.04.21"]
[EventType "swiss"]
[EventRounds "11"]
[EventCountry "BUL"]
[SourceTitle "CBM 125"]
[Source "ChessBase"]
[SourceDate "2008.07.30"]
[SourceVersion "1"]
[SourceVersionDate "2008.07.30"]
[SourceQuality "1"]

1. d4 Nf6 2. c4 e6 3. Nc3 Bb4 4. Nf3 c5 5. g3 cxd4 6. Nxd4 Ne4 7. Qd3 Bxc3+ 8.
bxc3 Nc5 9. Qf3 d6 10. Bg2 e5 11. Qe3 Be6 $1 $146 {A very interesting novelty.
Black gets control over the crucial d5-square.} 12. Nxe6 (12. Nb3 Nba6 $11)
12... fxe6 13. Ba3 Nba6 14. Rd1 (14. O-O O-O (14... Qa5 $6 15. Bxc5 Nxc5 16. f4
exf4 17. Rxf4 $36) 15. Rad1 {is just a transposition.}) 14... O-O 15. O-O Qc7
16. Rd2 Rad8 17. Rfd1 Rf6 $5 {A useful prophylactic move, protecting the
e6-square.} 18. Kh1 h6 19. f4 $6 {Too sharp. I would recommend something like}
(19. Bb4 $5 {taking control over the a5-square.}) 19... exf4 20. gxf4 Qa5 $1
21. Bc1 ({White could have forced a draw after} 21. Bxc5 Nxc5 22. Rxd6 Rdf8 $1
(22... Rxd6 23. Rxd6 Qxa2 $140 $4 24. Qxc5 Qa1+ 25. Qg1 $18) 23. Bh3 (23. Rf1
b6 24. Qd2 Qa4 $15) 23... Rxf4 $11) 21... Qa4 $1 22. Qd4 (22. Rxd6 $4 Qxd1+ 23.
Rxd1 Rxd1+ $19) 22... Nb8 {I had huge hopes connected with that move, but
White has a defence.} (22... Rf7 $5 {deserved attention}) 23. Rg1 $6 {Played
instantly. White should have been protected his d1-rook by} (23. Qg1 $3 Qxc4
24. Rxd6 Rxd6 25. Rxd6 Nc6 26. Qe3 $11) 23... Qd7 $2 {A mistake. I saw several
not too promising lines such as} (23... Kf8 $4 24. Qxc5 $18) (23... Nc6 $4 24.
Qxf6 $1 $18) (23... Kh8 $4 24. Qxc5 $1 $18) (23... Kh7 $2 24. Be4+ Nxe4 25.
Qxe4+ Kh8 26. Qxb7 Qc6+ 27. Qxc6 Nxc6 $16) ({but completely missed} 23... Rf7
$1 $17 {Now the next move is ...Nc6}) 24. Rdd1 (24. Qxf6 gxf6 25. Bc6+ Qg7 26.
Rxg7+ Kxg7 $11) 24... Kh8 25. e4 Nc6 26. Qf2 e5 {Black has to try to set up a
blockade, as his position is tactically much weaker, for instance} (26... Qf7
$2 27. e5 Nxe5 28. Qxc5 $1 $18) 27. f5 Qf7 28. Qe2 {The right choice. Immediate
} (28. Qh4 {gives Black good counter-play.} Qxc4 29. Bg5 Nd7 30. Bf1 Qxa2 (
30... Qxc3 $2 31. Rd3 $18) 31. Rd2 Qf7 32. Rdg2 Ne7 $1 (32... Rg8 $4 33. Bc4 $1
Qxc4 34. Bxf6 Nxf6 35. Rxg7 $1 $18) 33. Bxf6 Nxf6 34. Rxg7 Qxg7 35. Rxg7 Kxg7
36. Qf2 Rd7 $5 $44 (36... b6 37. Qa2 $1)) 28... Na4 29. Qd3 Nc5 30. Qf1 $5 {
White keeps playing for a win.} (30. Qe2 $11) 30... Rf8 $5 {Another
prophylactic move, to protect Rf6. Sooner or later White will put the queen on
h3/h4 and the bishop on g5. I understood very well that I will never be able
to step down due to f6 or Bxh6.} 31. Bf3 Na4 32. Qd3 Na5 33. Be2 Nc5 34. Qf3 ({
Exchanging queens would be in favour of Black.} 34. Qd5 Qxd5 35. Rxd5 b6 $15)
34... Nxc4 35. Rg2 Nb6 $4 {I was hoping for d5, but I should have played} (
35... b5 36. Qg4 Qb7 37. Bf3 Na4 38. Rdg1 Nxc3 39. Qh4 d5 40. Bg5 (40. exd5 $6
Nd6 $1) 40... Nxe4 (40... Ra6 $2 41. Be7 Rf7 42. Rxg7 $1 Rxg7 43. Rxg7 Kxg7 44.
f6+ Kh7 45. f7 $18) (40... d4 $2 41. Bxf6 Rxf6 42. Rg6 $1 $18) 41. Bxe4 dxe4
42. Bxf6 Rxf6 43. Rxg7 Qxg7 44. Rxg7 Kxg7 $11) 36. c4 $1 {I missed that strong
move.} Qc7 ({Taking the pawn loses instantly:} 36... Nxc4 37. Rdg1 Rg8 38. Rg6
Rxg6 39. Rxg6 b5 40. h3 $3 (40. Qh5 Nxe4 $1) 40... Qb7 41. Qh5 Nxe4 (41...
Qxe4+ 42. Kh2 $18) 42. Bf3 $18) 37. Qg4 R8f7 38. Rdg1 Qc6 39. Bf3 Nd3 40. Qh4
$1 Nd7 {Unfortunately forced. The time trouble has passed, my opponent spent
over 20 minutes thinking about his next 2 moves, but failed to find any way to
win.} (40... Nxc1 41. Rxg7 Rxg7 42. Qxf6 Qd7 43. Qxh6+ Kg8 44. Rxc1 $18) 41.
Bg5 (41. Bh5 $1 Nf4 (41... Nxc1 42. Bxf7 Rxf7 43. f6 $1 Nxf6 44. Rxg7 $1 $18) (
41... Re7 42. Bxh6 $1 gxh6 43. Bg6 Rg7 44. Qxh6+ Kg8 45. Bh7+ $18) 42. Bxf4
exf4 43. Bxf7 Rxf7 44. Qxf4 $18) 41... Kh7 (41... Nf4 42. Bxf6 Nxg2 (42... Nxf6
43. Rxg7 $18) 43. Qxh6+ Kg8 44. Bxg7 Rxg7 45. Qe6+ $18) 42. Bxf6 $4 (42. Qh5 $1
Qc7 $8 43. Bxh6 gxh6 44. Rg6 Nf2+ 45. Kg2 Kh8 46. Kxf2 Qc5+ 47. Kg2 $18) 42...
Nxf6 $44 {Now the things are not simple at all. Black has very good
compensation for the exchange.} 43. Rg6 $6 {Any attack without the
dark-squared bishop should fail.} (43. Bh5 $2 Nxh5 (43... Rd7 $5 $17) 44. Qxh5
Qxe4 $17) (43. Rc2 $142) 43... Qc5 $1 44. Qg3 (44. h3 Qf2 $1 45. Qg3 Qxg3 46.
R6xg3 Nf2+ 47. Kg2 N2xe4 48. Bxe4 Nxe4 49. Re3 Nc5 $15) 44... Nf2+ 45. Kg2
N2xe4 46. Bxe4 Nxe4 47. Qg4 $2 ({The only chance for White was to try to hold
the following rook ending:} 47. Rxh6+ Kg8 48. Qh4 $1 (48. Qg6 $4 Qf2+ 49. Kh3
Qf3+ 50. Kh4 Qf4+ 51. Kh3 Nf2+ 52. Kg2 Qxh6 53. Qxh6 gxh6 54. Kxf2+ Kh7 $19)
48... gxh6 49. Kh1+ Kh7 50. Qxe4 Qc6 51. Qxc6 bxc6 52. Rg6 $17) 47... Qxc4 48.
Rxh6+ $2 (48. Re1 {was strictly essential, though not sufficient} Nd2 (48... d5
49. Rxh6+ $1) 49. Qxc4 Nxc4 $19) 48... gxh6 49. Qg6+ Kh8 50. Qxh6+ Rh7 51. Qf8+
Qg8+ {The reason fot 47...Qxc4!} 52. Qxg8+ Kxg8 53. Kf3+ Kf7 54. Kxe4 Rh4+ 55.
Ke3 Rxh2 56. Rd1 Ke7 57. f6+ Ke6 58. f7 Rh3+ 59. Ke2 Rh8 60. Rh1 Rf8 0-1

[Event "Dortmund SuperGM 40th"]
[Site "Dortmund"]
[Date "2012.07.16"]
[Round "4"]
[White "Fridman, Daniel"]
[Black "Meier, Georg"]
[Result "1/2-1/2"]
[WhiteElo "2655"]
[BlackElo "2644"]
[Annotator "Marin,M"]
[PlyCount "64"]
[EventDate "2012.07.13"]
[EventType "tourn"]
[EventRounds "9"]
[EventCountry "GER"]
[EventCategory "19"]
[SourceTitle "CBM 150"]
[Source "ChessBase"]
[SourceDate "2012.09.14"]
[SourceVersion "1"]
[SourceVersionDate "2012.09.14"]
[SourceQuality "1"]

1. d4 Nf6 2. c4 e6 3. Nc3 Bb4 4. Nf3 c5 5. g3 Nc6 6. Bg2 d5 7. cxd5 Nxd5 8. Bd2
cxd4 9. Nxd4 Nxd4 10. Nxd5 Bxd2+ 11. Qxd2 e5 $5 {Weakening the d5-square, but
aiming for minor piece activity. White needs to be careful, since there are
all kind of tricks available, several forms of ...Bh3 in the first line.} ({
The more passive} 11... Nc6 {Kasparov,G (2740)-Karpov,A (2705)/London/
Leningrad eventually allowed Black to hold a draw in 1986/MainBase (1/2, 52)})
12. Nc3 (12. O-O {Winants,L (2415)-Short,N (2615)/Brussels 1987/CBM 002/
[Winants] (1/2, 56)}) (12. e3 Bh3 $1 {Ivanisevic,I (2569)-Abramovic,B (2488)/
Budva 2003/CBM 094 ext (1/2, 32)}) (12. Rd1 Bh3 $1 13. Bxh3 Qxd5 14. O-O Rd8
$36 {Pedersen,S-King,D (2455)/Gausdal 1994/EXT 1998 (1-0, 31)}) 12... O-O 13.
Rd1 $146 {Probably the best way to maintain the stability, but maybe not
enough for an advantage.} (13. e3 Bh3 $1 {Lesiege,A-Levitt,J/Lloyds Bank
Masters 1990/ (1/2, 16)}) 13... Bf5 14. e3 Nc2+ 15. Kf1 Nb4 {The loss of the
right to castle does not imply any serious dangers for White, but Black gets
some tempi for completing his own development and neutralising White's
initiative.} 16. a3 Nc6 17. Qxd8 Rfxd8 18. Ke2 Kf8 19. Bd5 Rac8 20. Rd2 Ne7 21.
Bf3 Rxd2+ 22. Kxd2 Rd8+ 23. Kc1 b6 24. Rd1 Rxd1+ 25. Kxd1 Nc8 26. Bd5 Nd6 27.
Kd2 Ke7 28. f3 h6 29. b3 Bd7 30. Kd3 f6 31. Kd2 Nb5 32. Nxb5 Bxb5 1/2-1/2

[Event "Sofia MTel Masters 2nd"]
[Site "Sofia"]
[Date "2006.05.14"]
[Round "4"]
[White "Bacrot, Etienne"]
[Black "Topalov, Veselin"]
[Result "1/2-1/2"]
[WhiteElo "2708"]
[BlackElo "2804"]
[Annotator "Marin,M"]
[PlyCount "58"]
[EventDate "2006.05.11"]
[EventType "tourn"]
[EventRounds "10"]
[EventCountry "BUL"]
[EventCategory "20"]
[SourceTitle "CBM 113"]
[Source "ChessBase"]
[SourceDate "2006.07.31"]
[SourceVersion "1"]
[SourceVersionDate "2006.07.31"]
[SourceQuality "1"]

1. d4 Nf6 2. c4 e6 3. Nc3 Bb4 4. Nf3 c5 5. g3 {An interesting psychological
moment. Both players are specialists of this system with White. See for
instance their interesting games against Aronian played at Linares in 2006.}
Bxc3+ 6. bxc3 Qa5 {A relatively rare variation, brought into the attention of
theoreticians by Viktor Kortschnoj.} 7. Bd2 ({The most common answer. Caught
by surprise, Polugajevsky did not react too accurately with} 7. Qd3 {and
allowed his opponent obtain a nice position after} Ne4 8. Bd2 f5 9. Bg2 Nc6 10.
d5 Nd8 11. O-O Nf7 12. Rfd1 O-O 13. a4 d6 {, Polugaevsky-Kortschnoj, Linares
1985}) ({The newest try consists of ignoring the threat with} 7. Bg2 {. In the
only game where this was played so far, Black declined the sacrifice, but
failed to equalize completely:} cxd4 (7... Qxc3+ 8. Bd2 Qxc4 9. dxc5 {offers
White obvious compensation, but has to be checked concretely.}) 8. Qxd4 Nc6 9.
Qd3 d5 10. cxd5 exd5 11. O-O O-O 12. c4 Qa6 13. Bb2 Qxc4 14. Qxc4 dxc4 15. Rfc1
Re8 16. e3 Be6 17. Nd2 Nb4 18. Bxf6 gxf6 19. Nxc4 Rac8 20. Nd6 {with a small
but persistent advantage for White in Moiseenko-Epishin, Albox 2005.}) 7... O-O
({Topalov deviates from} 7... b6 {where both players had some experience with
White.} 8. Bg2 Bb7 9. O-O O-O 10. d5 ({The most active continuation. Black had
no problems after} 10. Qb3 Qa6 11. Bg5 Ne4 12. d5 d6 13. Rad1 Re8 {
Topalov-Kramnik, Monte Carlo 2003}) 10... Qa6 11. Re1 $5 Ne4 12. Qc2 f5 13. Ng5
exd5 14. cxd5 Bxd5 15. Nxe4 Bxe4 16. Bxe4 fxe4 17. Qxe4 Nc6 18. Qd5+ Rf7 19.
Bf4 Re8 20. e4 Na5 {and the control of the c4-square counter-balanced White's
superiority on the other wing in Bacrot-Ponomariov, Cap d'Agde 2003.}) 8. Bg2
Nc6 9. O-O Qa6 10. Ne5 d5 $5 {An interesting moment. In the Nimzo Indian, the
control of the c4-square is more important than the weak pawn itself. This
explains why Topalov willingly allows his opponent get rid of the doubled
pawns.} 11. Qc2 Re8 12. Bf4 cxd4 13. Nxc6 Qxc6 14. cxd4 b6 ({Same policy.
Black prepares to increase the pressure against the c4-square by means of ...
Ba6, thus completing his development at the same time.} 14... Qxc4 $6 {would
have left Black behind in development after} 15. Qxc4 dxc4 16. Rfc1) 15. Rfc1
Ba6 16. cxd5 Qxc2 17. Rxc2 Nxd5 18. Bd6 Rac8 19. Rac1 Rxc2 20. Rxc2 Rd8 21. Ba3
f5 22. e3 Rc8 23. Rxc8+ Bxc8 24. Bxd5 $6 ({Quite surprising. White had no need
to force a draw so soon. He could have parried the threat ...Nc3xa2 with} 24.
Bd6 {and then centralise his king and prepare the pawn break h3 and g4. In
spite of Black's stability in the centre and of his queen side majority,
White's pair of bishops would have offered him the better chances.}) 24... exd5
25. Bd6 Kf7 26. Bb8 a6 27. Bc7 b5 28. a3 g5 29. f4 g4 1/2-1/2